000 00722nam a2200205Ia 4500
005 20220713110401.0
008 210716s2014 xx 000 0 und d
020 _a9788126541089
040 _cAIMIT LIBRARY
041 _aeng
082 _a005.44
_21
_bVUGS
100 _aVugt, Sander Van.
_948578
245 _aRed hat enterprise linux 6 administration :
_breal world skills for red hat administrators /
_cBy Sander van Vugt.
250 _a1st ed.
260 _aNew Delhi :
_bWiley India Pvt Ltd ,
_c2014 .
300 _axxvii, 644p. ;
_bPB
_c23.5 cm.
650 _a Networking red hat enterprise linux
_948579
650 _aAdvanced red hat enterprise linux configuration
_948580
942 _2ddc
_cBK
_e1st
_k005.44 VUGS
999 _c193873
_d193873